| 000 | 00924nam a2200301 a 4500 | ||
|---|---|---|---|
| 001 | 4467432 | ||
| 003 | OSt | ||
| 005 | 20230605112818.0 | ||
| 008 | 951102s1995 ii l f001 0 eng | ||
| 010 | _a 95906063 | ||
| 025 | _aI-E-95906063 | ||
| 040 |
_aDLC _cDLC |
||
| 042 | _alcode | ||
| 043 | _aa-ii--- | ||
| 082 | 0 | 0 |
_a328.54 _bLSK |
| 110 | 1 |
_aIndia. _bParliament. _bLok Sabha. |
|
| 245 | 1 | 0 | _aDirections by the speaker under the rules of procedure and conduct of business in Lok Sabha. |
| 246 | 1 | 4 | _aDirections by the speaker, Lok Sabha |
| 250 | _a14th ed. | ||
| 260 |
_aNew Delhi : _bLok Sabha Secretariat, _c1995. |
||
| 300 | _axii, 223 p. ; | ||
| 500 | _a"C.B. (I) no. 296"--T.p. verso. | ||
| 500 | _aIncludes index. | ||
| 610 | 1 | 0 |
_aIndia. _bParliament. _bLok Sabha _xRules and practice. |
| 906 |
_a7 _bcbc _corigode _d2 _encip _f19 _gy-gencatlg |
||
| 942 |
_2ddc _cBK |
||
| 999 |
_c316 _d316 |
||